000 00352nam a2200133Ia 4500
008 191201s1995 xx 000 0 und d
082 _a677.21
_bADW
100 _aADANUR, Sabit
245 0 _aWellington Sears Handbook of industrial Textiles
260 _aLondan
_bTechnomic Publication
_c1995
300 _a832
650 _aB.Tech(TE)
942 _2ddc
_cBK
999 _c3963
_d3963